LEADER 01679nam 2200397 a 450 001 9910701026703321 005 20111025135141.0 035 $a(CKB)5470000002414773 035 $a(OCoLC)758500175 035 $a(EXLCZ)995470000002414773 100 $a20111025d2011 ua 0 101 0 $aeng 135 $aurcn||||||||| 181 $ctxt$2rdacontent 182 $cc$2rdamedia 183 $acr$2rdacarrier 200 10$a??Ar/³?Ar age-spectrum data for hornblende, biotite, white mica, and K-feldspar samples from metamorphic rocks in the Great Smoky Mountains of North Carolina and Tennessee$b[electronic resource] /$eby Michael J. Kunk and Ryan McAleer 210 1$aReston, Va. :$cU.S. Dept. of the Interior, U.S. Geological Survey,$d2011. 215 $a1 online resource (iii, 56 pages) $cillustrations (some color) 225 1 $aOpen-file report ;$v2011-1250 300 $aTitle from title screen (viewed on Oct. 25, 2011). 320 $aIncludes bibliographical references (page 56). 517 $a??Ar/³?Ar age-spectrum data for hornblende, biotite, white mica, and K-feldspar samples from metamorphic rocks in the Great Smoky Mountains of North Carolina and Tennessee 606 $aArgon-argon dating$zGreat Smoky Mountains (N.C. and Tenn.) 606 $aMetamorphic rocks$zGreat Smoky Mountains (N.C. and Tenn.) 615 0$aArgon-argon dating 615 0$aMetamorphic rocks 700 $aKunk$b Michael J$01384281 701 $aMcAleer$b Ryan$01401992 712 02$aGeological Survey (U.S.) 801 0$bGPO 801 1$bGPO 906 $aBOOK 912 $a9910701026703321 996 $a??Ar$93471545 997 $aUNINA LEADER 02270oam 2200721zu 450 001 9910788241903321 005 20220913224750.0 035 $a(CKB)3170000000053284 035 $a(SSID)ssj0000702436 035 $a(PQKBManifestationID)12278467 035 $a(PQKBTitleCode)TC0000702436 035 $a(PQKBWorkID)10679551 035 $a(PQKB)11091190 035 $a(MiAaPQ)EBC5693229 035 $a(PPN)164734287 035 $a(EXLCZ)993170000000053284 100 $a20160829d2004 uy 101 0 $afre 181 $ctxt 182 $cc 183 $acr 200 12$aL'examen neuropsychologique dans le cadre de l'expertise médico-légale 210 31$a[Place of publication not identified]$cMardaga$d2004 300 $aBibliographic Level Mode of Issuance: Monograph 311 $a2-87009-857-X 606 $aJurisprudence 606 $aDiseases 606 $aNeurologic Manifestations 606 $aEconomics 606 $aBehavior and Behavior Mechanisms 606 $aSocial Control, Formal 606 $aNervous System Diseases 606 $aSigns and Symptoms 606 $aHealth Care Economics and Organizations 606 $aPathological Conditions, Signs and Symptoms 606 $aSociology 606 $aHealth Care 606 $aSocial Sciences 606 $aWounds and Injuries 606 $aNeurobehavioral Manifestations 606 $aCompensation and Redress 615 2$aJurisprudence 615 2$aDiseases 615 2$aNeurologic Manifestations 615 2$aEconomics 615 2$aBehavior and Behavior Mechanisms 615 2$aSocial Control, Formal 615 2$aNervous System Diseases 615 2$aSigns and Symptoms 615 2$aHealth Care Economics and Organizations 615 2$aPathological Conditions, Signs and Symptoms 615 2$aSociology 615 2$aHealth Care 615 2$aSocial Sciences 615 2$aWounds and Injuries 615 2$aNeurobehavioral Manifestations 615 2$aCompensation and Redress 700 $aMeulemans$b Thierry$01463993 801 0$bPQKB 906 $aBOOK 912 $a9910788241903321 996 $aL'examen neuropsychologique dans le cadre de l'expertise médico-légale$93673528 997 $aUNINA